| 000 | 00365nam a22001457a 4500 | ||
|---|---|---|---|
| 999 |
_c197376 _d197376 |
||
| 008 | 230822b ||||| |||| 00| 0 eng d | ||
| 082 | _a920-PAL | ||
| 100 | _aPal, Sahana | ||
| 245 |
_aOur Leaders (Part-4) _hEnglish |
||
| 260 |
_aDelhi _bA.I.C.B. _cRohini |
||
| 270 | _aA.I.C.B. Rohini, Delhi | ||
| 300 | _a12x13 | ||
| 490 | _v1 | ||
| 942 |
_2ddc _cBRLEN _k920 _mPAL |
||